[Event "Titled Tuesday intern op 13th Feb Early"]
[Site "Chess.com INT"]
[Date "2024.02.13"]
[Round "4"]
[White "Buscar, Michael"]
[Black "Kis, Lorand Bela"]
[Result "1-0"]
[WhiteElo "2041"]
[BlackElo "1990"]
[PlyCount "197"]
[EventDate "2024.02.13"]
[EventType "swiss (blitz)"]
[EventRounds "11"]
[EventCountry "USA"]
[SourceTitle "CB08_2024"]
[SourceDate "2024.02.21"]
[SourceVersion "1"]
[SourceVersionDate "2024.02.21"]
[SourceQuality "1"]

1. d4 Nf6 2. c4 g6 3. Nc3 Bg7 4. e4 d6 5. Nf3 0-0 6. Be2 a6 7. h3 Nbd7 8. Be3 c5 9. 0-0 b6 10. Qd2 Bb7 11. d5 b5 12. cxb5 axb5 13. Bxb5 Ba6 14. Qc2 Qa5 15. Bxa6 Rxa6 16. Nd2 Rb8 17. Nc4 Qc7 18. b3 Nb6 19. Nxb6 Qxb6 20. Bg5 h6 21. Bxf6 Bxf6 22. Rab1 Qb4 23. Ne2 Ra3 24. Rbd1 Rba8 25. Nc1 Qc3 26. Rd2 Qxc2 27. Rxc2 Bg5 28. f4 Bf6 29. Re1 Bd4+ 30. Kf1 h5 31. Ree2 Kg7 32. Nd3 Rb8 33. Ne1 Kg8 34. Nf3 Bg7 35. e5 Rb4 36. g3 Ra8 37. h4 Ra3 38. Kf2 Ra8 39. Ng5 Bf8 40. Ne4 Kg7 41. Kf3 Ra3 42. Re3 Rb5 43. Rd3 Rb4 44. Rdd2 Rb5 45. Rc4 Raa5 46. Rdc2 Rb6 47. Nd2 Rba6 48. a4 Rb6 49. Ke4 Kg8 50. R2c3 Bg7 51. Rd3 Kf8 52. Nf3 Ke8 53. Ng5 Ra8 54. e6 f5+ 55. Ke3 Rab8 56. Nf7 Rxb3 57. a5 Rxd3+ 58. Kxd3 Rb3+ 59. Ke2 Ra3 60. Rc1 Rxa5 61. Rb1 Ra8 62. Rb7 Bf6 63. Kf2 Rc8 64. Ke2 c4 65. Kd2 c3+ 66. Kc2 Ra8 67. Rd7 Kf8 68. Nxd6 Ra2+ 69. Kd3 Rd2+ 70. Ke3 Rxd5 71. Rd8+ Kg7 72. Ne8+ Kh7 73. Rxd5 Bh8 74. Rc5 Kg8 75. Nc7 Kf8 76. Nd5 Kg7 77. Rc8 Kh6 78. Nxc3 Bxc3 79. Rd8 Bf6 80. Rd7 Kg7 81. Kf3 Kf8 82. Rc7 Kg7 83. Rb7 Kg8 84. Rb6 Kg7 85. Rb8 Kh7 86. Rf8 Kg7 87. Rf7+ Kg8 88. Kf2 Kh8 89. Ke3 Kg8 90. Kd3 Kh8 91. Kc4 Kg8 92. Kd5 Bc3 93. Rxe7 Be1 94. Re8+ Kg7 95. Kd6 Bxg3 96. Kd7 Bxf4 97. e7 Bg3 98. Ra8 Bxh4 99. e8Q 1-0

[Event "Titled Tuesday intern op 13th Feb Early"]
[Site "Chess.com INT"]
[Date "2024.02.13"]
[Round "5"]
[White "Esmeraldas Huachi, Anderson Yahir"]
[Black "Kis, Lorand Bela"]
[Result "1/2-1/2"]
[WhiteElo "2148"]
[BlackElo "1990"]
[PlyCount "110"]
[EventDate "2024.02.13"]
[EventType "swiss (blitz)"]
[EventRounds "11"]
[EventCountry "USA"]
[SourceTitle "CB08_2024"]
[SourceDate "2024.02.21"]
[SourceVersion "1"]
[SourceVersionDate "2024.02.21"]
[SourceQuality "1"]

1. d4 Nf6 2. c4 g6 3. Nc3 Bg7 4. e4 d6 5. Be2 0-0 6. Be3 a6 7. a4 c5 8. d5 e6 9. Nf3 exd5 10. exd5 Bg4 11. 0-0 Nbd7 12. h3 Bxf3 13. Bxf3 Re8 14. Bf4 Ne5 15. Be2 Qc7 16. Re1 Re7 17. Bf1 h6 18. Qd2 Kh7 19. Bh2 Rae8 20. f4 Ned7 21. Rxe7 Rxe7 22. Re1 Qd8 23. Bd3 Ne8 24. Kh1 Rxe1+ 25. Qxe1 Kg8 26. b3 Kf8 27. Ne4 f5 28. Nd2 Qe7 29. Qxe7+ Kxe7 30. g4 fxg4 31. hxg4 Kf7 32. Kg2 Bc3 33. Ne4 Bg7 34. Kf3 Ndf6 35. f5 Nxe4 36. Bxe4 g5 37. Bg3 a5 38. Bd3 b6 39. Be2 Ke7 40. Ke3 Nf6 41. Bf3 Ne8 42. Bf2 Nf6 43. Be1 Ne8 44. Bd2 Be5 45. Ke4 Nf6+ 46. Kd3 Ne8 47. Bc3 Bxc3 48. Kxc3 Kf6 49. Kd3 Ke5 50. Be2 Nf6 51. Bd1 Ne8 52. Ke3 Nf6 53. Bf3 Ne8 54. Be2 Nf6 55. Bf3 Ne8 1/2-1/2

[Event "Titled Tuesday intern op 13th Feb Early"]
[Site "Chess.com INT"]
[Date "2024.02.13"]
[Round "2"]
[White "Kis, Lorand Bela"]
[Black "Namitbir, Singh Walia"]
[Result "0-1"]
[WhiteElo "1990"]
[BlackElo "2408"]
[PlyCount "68"]
[EventDate "2024.02.13"]
[EventType "swiss (blitz)"]
[EventRounds "11"]
[EventCountry "USA"]
[SourceTitle "CB08_2024"]
[SourceDate "2024.02.21"]
[SourceVersion "1"]
[SourceVersionDate "2024.02.21"]
[SourceQuality "1"]

1. d4 Nf6 2. c4 c5 3. d5 e6 4. Nc3 exd5 5. cxd5 d6 6. e4 g6 7. h3 Bg7 8. Bg5 0-0 9. Nf3 Re8 10. Bd3 h6 11. Be3 b5 12. Bxb5 Nxe4 13. Bxe8 Nxc3 14. bxc3 Bxc3+ 15. Kf1 Qxe8 16. Kg1 Bxa1 17. Qxa1 Kh7 18. Kh2 Nd7 19. Re1 Qh8 20. Qc1 Ne5 21. Bxh6 Nxf3+ 22. gxf3 Qf6 23. Kg3 Bb7 24. Bg5 Qf5 25. Re7 Bxd5 26. f4 Rb8 27. Qc3 c4 28. Qf6 Rb1 29. Re8 Rg1+ 30. Kh4 Qxf6 31. Bxf6 g5+ 32. Bxg5 c3 33. f5 c2 34. Bf6 Rg8 0-1

[Event "Titled Tuesday intern op 06th Feb Early"]
[Site "Chess.com INT"]
[Date "2024.02.06"]
[Round "3"]
[White "Kis, Lorand Bela"]
[Black "Farahat, Ali"]
[Result "0-1"]
[WhiteElo "1990"]
[BlackElo "2327"]
[PlyCount "50"]
[EventDate "2024.02.06"]
[EventType "swiss (blitz)"]
[EventRounds "11"]
[EventCountry "USA"]
[SourceTitle "CB07_2024"]
[SourceDate "2024.02.14"]
[SourceVersion "1"]
[SourceVersionDate "2024.02.14"]
[SourceQuality "1"]

1. d4 d5 2. c4 c6 3. cxd5 cxd5 4. Nf3 Nf6 5. Nc3 Nc6 6. Bf4 Bf5 7. e3 e6 8. Be2 Bd6 9. Bg3 0-0 10. 0-0 Bxg3 11. hxg3 Qe7 12. a3 Rfc8 13. Nh4 Be4 14. f3 Bg6 15. Nxg6 hxg6 16. Na4 Rc7 17. g4 Rac8 18. Qd2 e5 19. Rac1 exd4 20. Kf2 dxe3+ 21. Qxe3 Qd6 22. Rfd1 Re7 23. Qc5 Qf4 24. Nc3 Rce8 25. Bf1 Nxg4+ 0-1

[Event "Titled Tuesday intern op 06th Feb Late"]
[Site "Chess.com INT"]
[Date "2024.02.06"]
[Round "5"]
[White "Kis, Lorand Bela"]
[Black "Palencia Morales, Wilson Guillermo"]
[Result "0-1"]
[WhiteElo "1990"]
[BlackElo "2180"]
[PlyCount "100"]
[EventDate "2024.02.06"]
[EventType "swiss (blitz)"]
[EventRounds "11"]
[EventCountry "USA"]
[SourceTitle "CB07_2024"]
[SourceDate "2024.02.14"]
[SourceVersion "1"]
[SourceVersionDate "2024.02.14"]
[SourceQuality "1"]

1. d4 Nf6 2. c4 c5 3. d5 e6 4. Nc3 exd5 5. cxd5 d6 6. e4 g6 7. h3 Bg7 8. Bg5 a6 9. a4 h6 10. Be3 0-0 11. Nf3 Nh5 12. Qd2 Kh7 13. Bd3 Nd7 14. g4 Nhf6 15. Bf4 Ne8 16. 0-0 Qe7 17. Rfe1 Ne5 18. Be2 Rh8 19. Kg2 Kg8 20. Nxe5 dxe5 21. Be3 f5 22. f3 h5 23. Rh1 Bf8 24. a5 Bd7 25. Na4 Bxa4 26. Rxa4 hxg4 27. fxg4 Qd7 28. Qc2 Nd6 29. exf5 gxf5 30. Bxc5 Rc8 31. b4 Ne4 32. Raa1 Nxc5 33. bxc5 Qxd5+ 34. Kh2 Rxc5 35. Qxf5 Qd4 36. Rad1 Qf4+ 37. Qxf4 exf4 38. Rd7 Rh7 39. Rxh7 Kxh7 40. Bd3+ Kg7 41. Re1 Rxa5 42. Bf5 Rc5 43. Re6 b5 44. Rg6+ Kf7 45. Rxa6 b4 46. Rb6 Rc3 47. Kg2 Bc5 48. Rb7+ Kf6 49. h4 f3+ 50. Kf1 Rc1# 0-1

[Event "Titled Tuesday intern op 06th Feb Early"]
[Site "Chess.com INT"]
[Date "2024.02.06"]
[Round "1"]
[White "Kis, Lorand Bela"]
[Black "Sierra Vallina, Lionel"]
[Result "0-1"]
[WhiteElo "1990"]
[BlackElo "2275"]
[PlyCount "44"]
[EventDate "2024.02.06"]
[EventType "swiss (blitz)"]
[EventRounds "11"]
[EventCountry "USA"]
[SourceTitle "CB07_2024"]
[SourceDate "2024.02.14"]
[SourceVersion "1"]
[SourceVersionDate "2024.02.14"]
[SourceQuality "1"]

1. d4 d5 2. c4 e6 3. Nc3 Nf6 4. Nf3 a6 5. a4 Bb4 6. e3 0-0 7. Bd3 c5 8. 0-0 cxd4 9. exd4 dxc4 10. Bxc4 Nc6 11. Qd3 b6 12. Bg5 Bb7 13. Rad1 Na5 14. Ba2 Be7 15. Bb1 g6 16. Bh6 Re8 17. Ne5 Nc6 18. Qh3 Nd5 19. Ne4 Qc7 20. Rfe1 Nxe5 21. dxe5 Qxe5 22. Bg5 Bxg5 0-1

[Event "Titled Tuesday intern op 08th Nov Early"]
[Site "Chess.com INT"]
[Date "2022.11.08"]
[Round "5"]
[White "Kis, Lorand Bela"]
[Black "Miszler, Levente"]
[Result "0-1"]
[WhiteElo "2048"]
[BlackElo "2276"]
[PlyCount "76"]
[EventDate "2022.11.08"]
[EventType "swiss (blitz)"]
[EventRounds "11"]
[EventCountry "USA"]
[SourceTitle "EXT 2024"]
[Source "ChessBase"]
[SourceDate "2023.10.10"]
[SourceVersion "1"]
[SourceVersionDate "2023.10.10"]
[SourceQuality "1"]

1. Nf3 Nf6 2. g3 g6 3. Bg2 Bg7 4. 0-0 0-0 5. c4 c5 6. Nc3 Nc6 7. d3 d6 8. a3 a6 9. Rb1 Rb8 10. b4 cxb4 11. axb4 b5 12. cxb5 axb5 13. h3 Bb7 14. Nxb5 Nd5 15. e4 Ndxb4 16. Nfd4 Ba6 17. Nxc6 Nxc6 18. Na3 Rxb1 19. Nxb1 Nb4 20. d4 Bxf1 21. Bxf1 Qc7 22. Be3 Qc2 23. Qxc2 Nxc2 24. Nc3 Nxe3 25. fxe3 e6 26. Kf2 Rc8 27. Nb5 Bf8 28. Kf3 Rc2 29. Be2 h5 30. h4 Kg7 31. Na3 Ra2 32. Nb5 f5 33. exf5 gxf5 34. Nc3 Rc2 35. Nb5 e5 36. dxe5 dxe5 37. e4 fxe4+ 38. Ke3 Bc5+ 0-1

[Event "Titled Tuesday intern op 08th Nov Early"]
[Site "Chess.com INT"]
[Date "2022.11.08"]
[Round "1"]
[White "Kis, Lorand Bela"]
[Black "Odegov, Artem"]
[Result "0-1"]
[WhiteElo "2048"]
[BlackElo "2286"]
[PlyCount "88"]
[EventDate "2022.11.08"]
[EventType "swiss (blitz)"]
[EventRounds "11"]
[EventCountry "USA"]
[SourceTitle "EXT 2024"]
[Source "ChessBase"]
[SourceDate "2023.10.10"]
[SourceVersion "1"]
[SourceVersionDate "2023.10.10"]
[SourceQuality "1"]

1. Nf3 d5 2. g3 Nf6 3. Bg2 Bf5 4. d3 e6 5. Nbd2 h6 6. 0-0 Be7 7. Qe1 0-0 8. e4 Bh7 9. Qe2 c6 10. Re1 Nbd7 11. b3 dxe4 12. dxe4 Nc5 13. Bb2 Nfxe4 14. Rad1 Nxd2 15. Rxd2 Qb6 16. a3 Rad8 17. Red1 Rxd2 18. Rxd2 Rd8 19. b4 Rxd2 20. Qxd2 Ne4 21. Qd4 Qxd4 22. Bxd4 a6 23. c4 Nd6 24. Nd2 Bd3 25. Bf1 Bxf1 26. Kxf1 f6 27. f4 Kf7 28. Ke2 Nf5 29. Bb6 g5 30. Kd3 gxf4 31. gxf4 Bd6 32. Ke4 Nh4 33. c5 f5+ 34. Ke3 Bb8 35. Nc4 Ng2+ 36. Kf3 Nxf4 37. Na5 e5 38. Nxb7 e4+ 39. Kf2 Nd3+ 40. Ke2 Ke6 41. Na5 Kd5 42. h3 f4 43. Bd8 f3+ 44. Kf1 e3 0-1

[Event "Titled Tuesday intern op 08th Nov Early"]
[Site "Chess.com INT"]
[Date "2022.11.08"]
[Round "2"]
[White "Schmidt, Tobias"]
[Black "Kis, Lorand Bela"]
[Result "0-1"]
[WhiteElo "2266"]
[BlackElo "2048"]
[PlyCount "180"]
[EventDate "2022.11.08"]
[EventType "swiss (blitz)"]
[EventRounds "11"]
[EventCountry "USA"]
[SourceTitle "EXT 2024"]
[Source "ChessBase"]
[SourceDate "2023.10.10"]
[SourceVersion "1"]
[SourceVersionDate "2023.10.10"]
[SourceQuality "1"]

1. d3 g6 2. h4 h5 3. e4 Bg7 4. Nc3 c6 5. Nf3 d5 6. Bg5 Nf6 7. e5 Ng4 8. d4 Nh6 9. Qd2 Qb6 10. 0-0-0 Bg4 11. Be2 Nf5 12. Rhe1 e6 13. Ng1 Bxe2 14. Ngxe2 c5 15. dxc5 Qxc5 16. Bf6 Bh6 17. Bg5 Bg7 18. Qf4 Nc6 19. Bf6 Bxf6 20. exf6 0-0-0 21. Ng3 Nxg3 22. Qxg3 a6 23. f4 Qd6 24. Ne4 Qb4 25. Ng5 Rd7 26. Rd3 Qd6 27. Ne4 Qc7 28. Nc5 Rdd8 29. Nb3 Kb8 30. Kb1 Rc8 31. Re2 Rhd8 32. Qe3 Na5 33. Rc3 Nc4 34. Qc1 Qd6 35. g3 b6 36. Nd2 Na5 37. Rxc8+ Rxc8 38. Nb3 Nc4 39. Nd2 Qc5 40. Nxc4 Qxc4 41. Re3 b5 42. Rc3 Qe4 43. Rxc8+ Kxc8 44. a3 Kb7 45. Qd2 Qc4 46. b3 Qf1+ 47. Kb2 Qf3 48. Qc3 Qxc3+ 49. Kxc3 Kc6 50. Kd4 Kd6 51. b4 Kc6 52. Ke5 Kd7 53. Kd4 Kc6 54. Kc3 Kd6 55. Kb3 e5 56. a4 exf4 57. gxf4 Ke6 58. axb5 axb5 59. Kc3 Kxf6 60. Kd4 Ke6 61. Kc5 f6 62. Kxb5 g5 63. fxg5 fxg5 64. hxg5 h4 65. Ka6 h3 66. b5 h2 67. b6 h1Q 68. b7 Qa1+ 69. Kb6 Qb2+ 70. Ka7 Qa3+ 71. Kb6 Qb4+ 72. Ka7 Qa5+ 73. Kb8 Kf5 74. Kc8 Qc5+ 75. Kd7 Qb5+ 76. Kc7 Qc5+ 77. Kd7 Qa7 78. Kc7 Kxg5 79. Kc8 Qc5+ 80. Kd7 Qb6 81. Kc8 Qc6+ 82. Kb8 Qxc2 83. Ka7 Qb3 84. b8Q Qxb8+ 85. Ka6 d4 86. Ka5 d3 87. Ka4 d2 88. Ka3 d1Q 89. Ka2 Qd7 90. Ka1 Qda7# 0-1

[Event "Philadelphia op 11th"]
[Site "Philadelphia"]
[Date "2017.04.15"]
[Round "6"]
[White "Kis, Lorand Bela"]
[Black "De Fotis, Gary"]
[Result "1-0"]
[WhiteElo "2075"]
[BlackElo "1934"]
[PlyCount "77"]
[EventDate "2017.04.12"]
[EventType "swiss"]
[EventRounds "9"]
[EventCountry "USA"]
[SourceTitle "EXT 2018"]
[Source "ChessBase"]
[SourceDate "2017.10.13"]
[SourceVersion "1"]
[SourceVersionDate "2017.10.13"]
[SourceQuality "1"]

1. d4 Nf6 2. c4 e6 3. Nc3 Bb4 4. e3 b6 5. Bd3 Bb7 6. Nf3 Ne4 7. 0-0 Bxc3 8. bxc3 f5 9. Ne1 Qh4 10. f3 Ng5 11. c5 0-0 12. f4 Ne4 13. Nf3 Qf6 14. Ba3 Rd8 15. c4 d6 16. cxd6 cxd6 17. Rc1 Na6 18. Qa4 Nc7 19. Rfd1 h6 20. Qc2 Na6 21. Bf1 Nc7 22. Bb2 Qe7 23. a4 Rac8 24. Qb3 Ne8 25. Ra1 Rc7 26. a5 bxa5 27. Rxa5 Ba8 28. Rda1 N8f6 29. d5 exd5 30. Bd4 Nc5 31. Qa3 dxc4 32. Bxc4+ Kh7 33. Rxa7 Bxf3 34. gxf3 Rdd7 35. Rxc7 Rxc7 36. Qa2 Rb7 37. Kh1 Rb4 38. Be2 Qb7 39. Qc2 1-0

[Event "Philadelphia National op 41st"]
[Site "Philadelphia"]
[Date "2010.11.26"]
[Round "1"]
[White "Kacheishvili, Giorgi"]
[Black "Kis, Lorand Bela"]
[Result "1-0"]
[WhiteElo "2575"]
[BlackElo "2108"]
[PlyCount "79"]
[EventDate "2010.11.26"]
[EventType "swiss"]
[EventRounds "6"]
[EventCountry "USA"]
[SourceTitle "CBM 139 Extra"]
[Source "ChessBase"]
[SourceDate "2011.01.05"]
[SourceVersion "1"]
[SourceVersionDate "2011.01.05"]
[SourceQuality "1"]

1. d4 Nf6 2. c4 g6 3. Nc3 Bg7 4. e4 d6 5. Be2 0-0 6. Nf3 e5 7. 0-0 Nc6 8. d5 Ne7 9. Ne1 Ne8 10. Be3 f5 11. f3 f4 12. Bf2 h5 13. c5 g5 14. Nd3 Ng6 15. Rc1 Rf7 16. Kh1 Bh6 17. cxd6 cxd6 18. Nb5 a6 19. Na7 Bd7 20. Qb3 b5 21. Nc6 Qf6 22. a4 g4 23. axb5 axb5 24. Ra1 Rc8 25. Ra7 Rg7 26. fxg4 Bxg4 27. Rxg7+ Nxg7 28. Bf3 Kh8 29. Ne1 Rg8 30. Qxb5 Bg5 31. Qe2 Bd7 32. b4 Bh4 33. b5 Qg5 34. b6 Bc8 35. Qb2 Bg3 36. Bd1 Bxf2 37. Rxf2 Bb7 38. Nf3 Qf6 39. Na5 Rb8 40. Rc2 1-0

[Event "Continental Class-ch"]
[Site "Arlington"]
[Date "2010.10.09"]
[Round "5"]
[White "Kis, Lorand Bela"]
[Black "Perez, Robert M"]
[Result "0-1"]
[WhiteElo "2098"]
[BlackElo "2211"]
[PlyCount "82"]
[EventDate "2010.10.07"]
[EventType "swiss"]
[EventRounds "9"]
[EventCountry "USA"]
[SourceTitle "CBM 138 Extra"]
[Source "ChessBase"]
[SourceDate "2010.10.29"]
[SourceVersion "1"]
[SourceVersionDate "2010.10.29"]
[SourceQuality "1"]

1. d4 Nf6 2. c4 e6 3. Nc3 Bb4 4. e3 c5 5. Bd3 0-0 6. Nf3 cxd4 7. exd4 d5 8. 0-0 dxc4 9. Bxc4 b6 10. Qd3 Bb7 11. Re1 Nbd7 12. a3 Bxc3 13. bxc3 Rc8 14. Bd2 Qc7 15. Ba2 Rfd8 16. Qc2 Ng4 17. Bb1 g6 18. h3 Bxf3 19. hxg4 Bxg4 20. Qe4 Bf5 21. Qh4 h5 22. Bxf5 exf5 23. Re7 Re8 24. Rae1 Rxe7 25. Qxe7 Qc6 26. c4 b5 27. d5 Qb7 28. Bc3 bxc4 29. d6 Rb8 30. Qe3 Qb3 31. Qd4 f6 32. Re7 Qb5 33. Rxd7 Qxd7 34. Qxf6 Kh7 35. Qd4 Qf7 36. Ba5 Qd7 37. Bc3 Rf8 38. f4 Qb7 39. d7 Qb6 40. Qxb6 axb6 41. Bf6 c3 0-1

[Event "Foxwoods op"]
[Site "Ledyard"]
[Date "2009.04.10"]
[Round "4"]
[White "West, James R"]
[Black "Kis, Lorand Bela"]
[Result "0-1"]
[WhiteElo "2180"]
[BlackElo "2189"]
[PlyCount "118"]
[EventDate "2009.04.08"]
[EventType "swiss"]
[EventRounds "9"]
[EventCountry "USA"]
[SourceTitle "CBM 129 Extra"]
[Source "ChessBase"]
[SourceDate "2009.05.05"]
[SourceVersion "2"]
[SourceVersionDate "2009.05.20"]
[SourceQuality "1"]

1. e4 e5 2. Nf3 Nc6 3. d4 exd4 4. Bc4 Nf6 5. e5 d5 6. Bb5 Ne4 7. Nxd4 Bd7 8. Bxc6 bxc6 9. 0-0 Bc5 10. f3 Ng5 11. f4 Ne4 12. Be3 Bb6 13. Nd2 Nxd2 14. Qxd2 c5 15. Ne2 d4 16. Bf2 h5 17. Qd3 g6 18. Ng3 h4 19. Ne4 h3 20. Rfe1 Kf8 21. Ng5 Bc6 22. Qb3 Qd5 23. Qxd5 Bxd5 24. Nxh3 Ba5 25. Red1 Rb8 26. b3 Bc3 27. Rab1 Be4 28. Rbc1 Bb2 29. Rb1 Ba3 30. Ng5 Bxc2 31. Rbc1 Bxc1 32. Rxc1 d3 33. Bxc5+ Kg7 34. Ne4 Rhd8 35. Be3 Rd5 36. Bd2 a5 37. Kf2 a4 38. b4 Rd4 39. Ke3 Rdxb4 40. Bxb4 Rxb4 41. Nf2 Rc4 42. Kd2 c5 43. g3 a3 44. h4 Rd4 45. Kc3 Kf8 46. Kd2 Ke7 47. Re1 Ke6 48. Nd1 Bxd1 49. Rxd1 c4 50. Rc1 Re4 51. Kc3 Kd5 52. Kb4 Re2 53. Kxa3 Kd4 54. g4 c3 55. Kb3 Rb2+ 56. Ka3 d2 57. Rd1 Kd3 58. Rh1 Kc2 59. Rh2 Kc1 0-1

[Event "US Open-108"]
[Site "Cherry Hill"]
[Date "2007.07.31"]
[Round "3"]
[White "Fries, Thomas"]
[Black "Kis, Lorand Bela"]
[Result "0-1"]
[WhiteElo "1931"]
[BlackElo "2194"]
[PlyCount "70"]
[EventDate "2007.07.28"]
[EventType "swiss"]
[EventRounds "9"]
[EventCountry "USA"]
[SourceTitle "CBM 119 Extra"]
[Source "ChessBase"]
[SourceDate "2007.09.04"]
[SourceVersion "1"]
[SourceVersionDate "2007.09.04"]
[SourceQuality "1"]

1. d4 Nf6 2. Nf3 g6 3. c4 Bg7 4. Nc3 0-0 5. e4 d6 6. Be2 e5 7. d5 a5 8. Bg5 h6 9. Bh4 Na6 10. 0-0 Qe8 11. Ne1 Nh7 12. Nd3 h5 13. f3 Bh6 14. g4 Be3+ 15. Bf2 Bxf2+ 16. Rxf2 hxg4 17. fxg4 Qe7 18. Rg2 Kg7 19. Qe1 Ng5 20. Qg3 Rh8 21. Nf2 Bd7 22. Kf1 Nh7 23. g5 f6 24. gxf6+ Qxf6 25. Kg1 Nf8 26. Rf1 Qh4 27. Bg4 Nc5 28. Qf3 Nh7 29. Bxd7 Nxd7 30. Rxg6+ Kxg6 31. Qf5+ Kh6 32. Qxd7 Rag8+ 33. Kh1 Rg7 34. Qe6+ Rg6 35. Qf5 Rf8 0-1

[Event "Foxwoods op 09th"]
[Site "Connecticut"]
[Date "2007.04.05"]
[Round "2"]
[White "Kis, Lorand Bela"]
[Black "Boekhoff, Andrew"]
[Result "0-1"]
[WhiteElo "2216"]
[BlackElo "2325"]
[PlyCount "86"]
[EventDate "2007.04.04"]
[EventType "swiss"]
[EventRounds "9"]
[EventCountry "USA"]
[SourceTitle "CBM 117 Extra"]
[Source "ChessBase"]
[SourceDate "2007.05.09"]
[SourceVersion "1"]
[SourceVersionDate "2007.05.09"]
[SourceQuality "1"]

1. d4 d5 2. c4 e6 3. Nc3 c5 4. e3 Nf6 5. a3 dxc4 6. Bxc4 a6 7. Nf3 b5 8. Bd3 Bb7 9. 0-0 Nbd7 10. Qe2 Qb8 11. Rd1 Bd6 12. h3 0-0 13. Bc2 e5 14. d5 b4 15. Ne4 Nxe4 16. Bxe4 Nf6 17. Qc2 Rd8 18. b3 Bf8 19. Bb2 Nxe4 20. Qxe4 f6 21. Qc4 a5 22. a4 Ba6 23. Qc2 Qc7 24. Nd2 Rxd5 25. Nc4 Rad8 26. Rxd5 Rxd5 27. Rd1 Rxd1+ 28. Qxd1 Bxc4 29. bxc4 Qd6 30. Qxd6 Bxd6 31. e4 Kf7 32. Kf1 Ke6 33. Ke2 g6 34. g3 f5 35. Kd3 h5 36. h4 f4 37. Ke2 Be7 38. Kf3 g5 39. hxg5 fxg3 40. g6 gxf2 41. Kxf2 Kf6 42. Bxe5+ Kxg6 43. Ke2 h4 0-1

[Event "World op 32nd"]
[Site "Philadelphia"]
[Date "2004.07.04"]
[Round "7"]
[White "Kis, Lorand Bela"]
[Black "Weatherly, Daryll A"]
[Result "1/2-1/2"]
[WhiteElo "2249"]
[BlackElo "2065"]
[PlyCount "54"]
[EventDate "2004.07.01"]
[EventType "swiss"]
[EventRounds "9"]
[EventCountry "USA"]
[SourceTitle "CBM 101 Extra"]
[Source "ChessBase"]
[SourceDate "2004.09.01"]
[SourceVersion "2"]
[SourceVersionDate "2004.09.01"]
[SourceQuality "1"]

1. d4 Nf6 2. c4 e6 3. Nc3 Bb4 4. e3 b6 5. Bd3 Bb7 6. Nf3 Ne4 7. Qc2 f5 8. 0-0 Bxc3 9. bxc3 0-0 10. Nd2 Qh4 11. f3 Nxd2 12. Bxd2 Nc6 13. e4 fxe4 14. fxe4 e5 15. Be3 d6 16. h3 Rae8 17. Rae1 exd4 18. Bxd4 Rxf1+ 19. Rxf1 Nxd4 20. cxd4 Bxe4 21. Qa4 Rf8 22. Qd7 Rxf1+ 23. Bxf1 h6 24. Qxc7 Qf6 25. d5 Qd4+ 26. Kh2 Qe5+ 27. Kg1 Qd4+ 1/2-1/2

[Event "Ciocaltea Memorial op"]
[Site "Bucharest"]
[Date "2000.??.??"]
[Round "3"]
[White "Ionescu, Cristian Dan"]
[Black "Kis, Lorand Bela"]
[Result "1/2-1/2"]
[WhiteElo "2311"]
[BlackElo "2182"]
[PlyCount "115"]
[EventDate "2000.02.??"]
[EventType "swiss"]
[EventRounds "7"]
[EventCountry "ROU"]
[SourceTitle "EXT 2001"]
[Source "ChessBase"]
[SourceDate "2000.11.22"]
[SourceVersion "1"]
[SourceVersionDate "2000.11.22"]
[SourceQuality "1"]

1. d4 Nf6 2. c4 g6 3. Nc3 Bg7 4. e4 d6 5. Be2 0-0 6. Nf3 e5 7. 0-0 Nc6 8. d5 Ne7 9. Ne1 Ne8 10. Nd3 f5 11. exf5 gxf5 12. f4 e4 13. Nf2 Nf6 14. Be3 c5 15. dxc6 bxc6 16. Qd2 Be6 17. Rfd1 d5 18. c5 Ng4 19. Bd4 Ng6 20. g3 Bxd4 21. Qxd4 Qf6 22. Bxg4 fxg4 23. Qxf6 Rxf6 24. b4 Rb8 25. Rab1 Ne7 26. Ne2 h5 27. Nd4 a6 28. Rb3 Bc8 29. Rd2 Kf7 30. Nd1 h4 31. Ne3 Bd7 32. a4 Rh8 33. b5 axb5 34. axb5 hxg3 35. hxg3 Rfh6 36. bxc6 Rh1+ 37. Kf2 R8h2+ 38. Ng2 Nxc6 39. Nxc6 Bxc6 40. Rb6 e3+ 41. Kxe3 d4+ 42. Rxd4 Rxg2 43. Rxc6 Rxg3+ 44. Ke4 Re1+ 45. Kf5 Re7 46. Rf6+ Ke8 47. Ra4 Rc7 48. c6 Rc3 49. Re4+ Re7 50. Rfe6 Rxe6 51. Rxe6+ Kf7 52. Rf6+ Ke7 53. Rg6 g3 54. Ke5 g2 55. Kd5 Rc2 56. f5 Rf2 57. Rg7+ Kf6 58. Rg8 1/2-1/2

[Event "Herculane op"]
[Site "Herculane"]
[Date "1998.??.??"]
[Round "?"]
[White "Kis, Lorand Bela"]
[Black "Caravan, Mariana"]
[Result "1/2-1/2"]
[WhiteElo "2185"]
[BlackElo "2125"]
[PlyCount "109"]
[EventDate "1998.12.??"]
[EventType "swiss"]
[EventRounds "9"]
[EventCountry "ROU"]
[SourceTitle "EXT 2004"]
[Source "ChessBase"]
[SourceDate "2003.11.25"]
[SourceVersion "1"]
[SourceVersionDate "2003.11.25"]
[SourceQuality "1"]

1. d4 c5 2. d5 e5 3. e4 d6 4. Nc3 Be7 5. Nf3 Bg4 6. Bb5+ Nd7 7. h3 Bxf3 8. Qxf3 a6 9. Bxd7+ Qxd7 10. a4 h6 11. h4 Nf6 12. a5 Qg4 13. Qxg4 Nxg4 14. f3 Nf6 15. g4 0-0-0 16. Be3 h5 17. g5 Nd7 18. Ne2 g6 19. b4 cxb4 20. Rb1 Kb8 21. Rxb4 Rc8 22. Kd2 Bd8 23. Ra1 Re8 24. c3 Nc5 25. Rab1 Re7 26. Ra1 Rd7 27. f4 exf4 28. Bxf4 Bc7 29. Be3 Bd8 30. Ng3 Re7 31. Bf4 Bc7 32. Rc4 Nb3+ 33. Kc2 Nxa1+ 34. Kb2 Rd7 35. Ra4 Bd8 36. Nf1 Rc5 37. Rxa1 Bxa5 38. Ra3 Bc7 39. Nd2 Ra5 40. Rb3 Rb5 41. Rxb5 axb5 42. Kb3 Ka7 43. Nf3 Re7 44. Nd2 Ka6 45. Kb4 f6 46. gxf6 Rf7 47. Bg5 Bd8 48. e5 Ba5+ 49. Kb3 dxe5 50. Ne4 Bd8 51. Kb4 Kb6 52. Be3+ Kc7 53. Bg5 Kb6 54. Be3+ Kc7 55. Bg5 1/2-1/2

[Event "De Toamna Cup"]
[Site "Romania"]
[Date "1998.??.??"]
[Round "?"]
[White "Kis, Lorand Bela"]
[Black "Dragomir, Constantin"]
[Result "0-1"]
[WhiteElo "2190"]
[BlackElo "2205"]
[PlyCount "83"]
[EventDate "1998.??.??"]
[EventType "swiss"]
[EventRounds "9"]
[EventCountry "ROU"]
[SourceTitle "EXT 2004"]
[Source "ChessBase"]
[SourceDate "2003.11.25"]
[SourceVersion "1"]
[SourceVersionDate "2003.11.25"]
[SourceQuality "1"]

1. d4 Nf6 2. c4 g6 3. Nc3 d5 4. cxd5 Nxd5 5. e4 Nxc3 6. bxc3 c5 7. Bc4 Bg7 8. Ne2 Nc6 9. Be3 cxd4 10. cxd4 Qa5+ 11. Kf1 0-0 12. h4 h5 13. Rb1 Rb8 14. a4 Bd7 15. Nf4 e6 16. e5 Rfc8 17. Bb3 b5 18. axb5 Ne7 19. Rh3 Bxb5+ 20. Kg1 Nf5 21. Nxe6 fxe6 22. Bxe6+ Kf8 23. Rf3 Be2 24. Rxb8 Bxd1 25. Rxc8+ Ke7 26. d5 Bxe5 27. Bg5+ Bf6 28. Rfc3 Bxg5 29. hxg5 Ba4 30. Bxf5 gxf5 31. g6 Kf6 32. Rg3 Kg7 33. d6 Qe1+ 34. Kh2 Qe6 35. Rc7+ Bd7 36. Rd3 Kxg6 37. Rxa7 h4 38. Rc7 Qe4 39. Re3 Qf4+ 40. Kh1 Qxd6 41. Rc1 Ba4 42. Rcc3 0-1